00701nam a2200205 a 4500001001000000005001700010008004100027020001500068041000800083044000800091050002200099245009800121260003400219300004900253500005700302500005300359650003200412700001900444700003200463BRCA_537920190320205043.0091210s1999----uk-a#####c---#000-0#eng-# a1840000856 aeng aenk 4aNK1065b.M55 199910aMiller´s antiques price guidecconsultant Judith Miller ; general edition Elizabeth Norfolk. aGran BretañabMillersc1999 a808 p. (v.xx)bil. (algunas a color)c28 cm. aIncluye índice de anuncios e índice alfabético aDonación Dr. Héctor Rivero Borrell Vázquez14aAntigüedadesvCatálogos1 aMiller, Judith1 aNorfolk, ElizabetheEditora